| 000 | 00401nam a22001577a 4500 | ||
|---|---|---|---|
| 003 | macl | ||
| 005 | 20180725171959.0 | ||
| 008 | 180725b xxu||||| |||| 00| 0 eng d | ||
| 040 | _cmacl | ||
| 082 | _a920/SIN | ||
| 100 |
_aDr.saroj kumar singh _972810 |
||
| 245 | _aLife and works of shyama prasad mukherjee | ||
| 260 |
_aDelhi _bAnmol pub. _c2015 |
||
| 650 |
_aBiography _972811 |
||
| 942 |
_2ddc _cBK |
||
| 999 |
_c58264 _d58264 |
||